<?xml version="1.0" encoding="UTF-8"?>
<collection xmlns="http://www.loc.gov/MARC21/slim">
 <record>
  <leader>01965cam a2200469  a4500</leader>
  <controlfield tag="001">1513223097</controlfield>
  <controlfield tag="003">DE-627</controlfield>
  <controlfield tag="005">20220701124917.0</controlfield>
  <controlfield tag="007">tu</controlfield>
  <controlfield tag="008">150806m20159999it ||||| r    00| ||ita c</controlfield>
  <datafield tag="020" ind1=" " ind2=" ">
   <subfield code="a">9788876892844</subfield>
   <subfield code="c">2-vol.-set</subfield>
   <subfield code="9">978-88-7689-284-4</subfield>
  </datafield>
  <datafield tag="020" ind1=" " ind2=" ">
   <subfield code="a">8876892842</subfield>
   <subfield code="9">88-7689-284-2</subfield>
  </datafield>
  <datafield tag="035" ind1=" " ind2=" ">
   <subfield code="a">(DE-627)1513223097</subfield>
  </datafield>
  <datafield tag="035" ind1=" " ind2=" ">
   <subfield code="a">(DE-576)443223092</subfield>
  </datafield>
  <datafield tag="035" ind1=" " ind2=" ">
   <subfield code="a">(DE-599)BSZ443223092</subfield>
  </datafield>
  <datafield tag="035" ind1=" " ind2=" ">
   <subfield code="a">(OCoLC)914252985</subfield>
  </datafield>
  <datafield tag="040" ind1=" " ind2=" ">
   <subfield code="a">DE-627</subfield>
   <subfield code="b">ger</subfield>
   <subfield code="c">DE-627</subfield>
   <subfield code="e">rakwb</subfield>
  </datafield>
  <datafield tag="041" ind1=" " ind2=" ">
   <subfield code="a">ita</subfield>
  </datafield>
  <datafield tag="044" ind1=" " ind2=" ">
   <subfield code="c">XA-IT</subfield>
  </datafield>
  <datafield tag="050" ind1=" " ind2="0">
   <subfield code="a">NK3845</subfield>
  </datafield>
  <datafield tag="082" ind1="0" ind2=" ">
   <subfield code="a">738</subfield>
  </datafield>
  <datafield tag="100" ind1="1" ind2=" ">
   <subfield code="a">Paolucci, Giulio</subfield>
   <subfield code="d">1961-</subfield>
   <subfield code="0">(DE-588)1073704688</subfield>
   <subfield code="0">(DE-627)829349065</subfield>
   <subfield code="0">(DE-576)165761016</subfield>
   <subfield code="4">aut</subfield>
  </datafield>
  <datafield tag="245" ind1="1" ind2="0">
   <subfield code="a">Canopi etruschi</subfield>
   <subfield code="b">tombe con ossuari antropomorfi dalla necropoli di Tolle (Chianciano Terme)</subfield>
   <subfield code="c">Giulio Paolucci</subfield>
  </datafield>
  <datafield tag="264" ind1=" " ind2="1">
   <subfield code="a">Roma</subfield>
   <subfield code="b">Giorgio Bretschneider</subfield>
   <subfield code="c">2015-</subfield>
  </datafield>
  <datafield tag="300" ind1=" " ind2=" ">
   <subfield code="c">30 cm</subfield>
  </datafield>
  <datafield tag="336" ind1=" " ind2=" ">
   <subfield code="a">Text</subfield>
   <subfield code="b">txt</subfield>
   <subfield code="2">rdacontent</subfield>
  </datafield>
  <datafield tag="337" ind1=" " ind2=" ">
   <subfield code="a">ohne Hilfsmittel zu benutzen</subfield>
   <subfield code="b">n</subfield>
   <subfield code="2">rdamedia</subfield>
  </datafield>
  <datafield tag="338" ind1=" " ind2=" ">
   <subfield code="a">Band</subfield>
   <subfield code="b">nc</subfield>
   <subfield code="2">rdacarrier</subfield>
  </datafield>
  <datafield tag="490" ind1="0" ind2=" ">
   <subfield code="a">Monumenti etruschi</subfield>
   <subfield code="v">13</subfield>
  </datafield>
  <datafield tag="500" ind1=" " ind2=" ">
   <subfield code="a">Chianciano Terme, near Siena (Tuscany). - Includes bibliographical references (volume 1, pages 391-408) and indexes</subfield>
  </datafield>
  <datafield tag="650" ind1=" " ind2="0">
   <subfield code="a">Urns, Etruscan</subfield>
   <subfield code="x">Catalogs</subfield>
   <subfield code="x">Italy</subfield>
   <subfield code="x">Chianciano Terme</subfield>
  </datafield>
  <datafield tag="650" ind1=" " ind2="0">
   <subfield code="a">Ossuaries</subfield>
   <subfield code="x">Catalogs</subfield>
   <subfield code="x">Italy</subfield>
   <subfield code="x">Chianciano Terme</subfield>
  </datafield>
  <datafield tag="655" ind1=" " ind2="7">
   <subfield code="a">Verzeichnis</subfield>
   <subfield code="0">(DE-588)4188171-0</subfield>
   <subfield code="0">(DE-627)105266639</subfield>
   <subfield code="0">(DE-576)210051078</subfield>
   <subfield code="2">gnd-content</subfield>
  </datafield>
  <datafield tag="689" ind1="0" ind2="0">
   <subfield code="d">g</subfield>
   <subfield code="0">(DE-588)7590791-4</subfield>
   <subfield code="0">(DE-627)70781412X</subfield>
   <subfield code="0">(DE-576)273682814</subfield>
   <subfield code="a">Necropoli di Tolle</subfield>
   <subfield code="g">Chianciano Terme</subfield>
   <subfield code="2">gnd</subfield>
  </datafield>
  <datafield tag="689" ind1="0" ind2="1">
   <subfield code="d">s</subfield>
   <subfield code="0">(DE-588)4187243-5</subfield>
   <subfield code="0">(DE-627)10527366X</subfield>
   <subfield code="0">(DE-576)210044535</subfield>
   <subfield code="a">Urne</subfield>
   <subfield code="2">gnd</subfield>
  </datafield>
  <datafield tag="689" ind1="0" ind2=" ">
   <subfield code="5">(DE-627)</subfield>
  </datafield>
  <datafield tag="787" ind1="0" ind2="8">
   <subfield code="i">Rezensiert in</subfield>
   <subfield code="a">Biella, Maria Cristina, 1974 - </subfield>
   <subfield code="t">[Rezension von: Giulio Paolucci, Canopi Etruschi. Tombe con ossuari antropomorfi dalla necropoli di Tolle (Chianciano Terme)]</subfield>
   <subfield code="d">2018</subfield>
   <subfield code="w">(DE-627)1808785223</subfield>
  </datafield>
  <datafield tag="951" ind1=" " ind2=" ">
   <subfield code="a">MC</subfield>
  </datafield>
  <datafield tag="990" ind1=" " ind2=" ">
   <subfield code="a">Necropoli di Tolle</subfield>
  </datafield>
  <datafield tag="990" ind1=" " ind2=" ">
   <subfield code="a">Urne</subfield>
  </datafield>
  <datafield tag="991" ind1=" " ind2=" ">
   <subfield code="a">Rezensiertes Werk</subfield>
  </datafield>
  <datafield tag="999" ind1=" " ind2=" ">
   <subfield code="a">KXP-PPN1513223097</subfield>
   <subfield code="e">4162738122</subfield>
  </datafield>
 </record>
</collection>
